[Event "20th HZ Open 2016"]
[Site "Vlissingen NED"]
[Date "2016.08.10"]
[Round "6.42"]
[White "Lacrosse, Marc"]
[Black "Schouten, Jordy"]
[Result "1-0"]
[WhiteTitle "FM"]
[WhiteElo "2225"]
[BlackElo "2037"]
[WhiteFideId "200921"]
[BlackFideId "1040090"]
[EventDate "2016.08.06"]

1. d4 Nf6 2. c4 g6 3. Nc3 Bg7 4. e4 d6 5. Be2 O-O 6. Be3 e5 7. Nf3 Nc6 8. d5 Ne7
9. Nd2 Nd7 10. b4 f5 11. f3 Nf6 12. Nb3 f4 13. Bf2 g5 14. c5 Ng6 15. Rc1 h5 16.
cxd6 cxd6 17. Nb5 Rf7 18. Qc2 b6 19. Qc6 Bd7 20. Qc7 Bxb5 21. Qxd8+ Rxd8 22.
Bxb5 Ne8 23. Bxe8 Rxe8 24. Ke2 Rb7 25. Rc2 Kf7 26. Rhc1 Ne7 27. Kd3 Ra8 28. Rc7
Rab8 29. Rxb7 Rxb7 30. Kc4 a6 31. Kd3 Ke8 32. Nd2 Kd7 33. Rc3 Nxd5 34. exd5 e4+
35. Nxe4 Bxc3 36. Kxc3 b5 37. Nxg5 Rc7+ 38. Kb2 Rc4 39. a3 Ke7 40. Ne4 Rc8 41.
Bh4+ Kd7 42. Bg5 Rf8 43. h4 1-0

[Event "20th HZ Open 2016"]
[Site "Vlissingen NED"]
[Date "2016.08.10"]
[Round "6.43"]
[White "Van Kessel, Wessel"]
[Black "Vos, Tjark"]
[Result "1/2-1/2"]
[WhiteElo "2007"]
[BlackElo "2223"]
[WhiteFideId "233404"]
[BlackFideId "1020870"]
[EventDate "2016.08.06"]

1. e4 c5 2. Nc3 e6 3. f4 Nc6 4. Nf3 a6 5. g3 d5 6. d3 Nf6 7. Bg2 Be7 8. O-O O-O
9. h3 b5 10. g4 b4 11. exd5 exd5 12. Ne2 Bb7 13. Ng3 Re8 14. g5 Nd7 15. h4 Nb6
16. f5 Bd6 17. Nh5 d4 18. f6 g6 19. Ng7 Rf8 20. h5 Qd7 21. Nd2 Ne5 22. Bxb7 Qxb7
23. Ne4 Qd7 24. Bf4 Nd5 25. Nxd6 Qxd6 26. Qd2 1/2-1/2

[Event "20th HZ Open 2016"]
[Site "Vlissingen NED"]
[Date "2016.08.10"]
[Round "6.44"]
[White "Kartsev, Soel"]
[Black "Kok, Ivo"]
[Result "0-1"]
[WhiteElo "2221"]
[BlackElo "2029"]
[WhiteFideId "4130561"]
[BlackFideId "1022024"]
[EventDate "2016.08.06"]

1. e4 c5 2. Nf3 d6 3. c3 Nf6 4. Be2 Nc6 5. d4 cxd4 6. cxd4 Nxe4 7. d5 Qa5+ 8.
Nc3 Nxc3 9. bxc3 Ne5 10. O-O Nxf3+ 11. Bxf3 Bf5 12. Be3 g5 13. Bxg5 Rg8 14. Bf4
Bg7 15. Qb3 Rc8 16. Rac1 b6 17. c4 Bf6 18. Rfe1 Kd8 19. g3 Rc7 20. a4 Bd7 21.
Qd3 Rh8 22. Bh5 Be8 23. Qf5 Bd7 24. Qe4 Be8 25. c5 Rxc5 26. Rxc5 bxc5 27. Rb1
Kc7 28. Qf3 Qxa4 29. Qe3 Kd8 30. Rb7 Bb5 31. h3 Re8 32. Bg4 Bd4 33. Qe1 Bf6 34.
Qb1 a6 35. Qxh7 Qa1+ 36. Kh2 Qd4 37. Be3 Qxd5 38. Rb8+ Kc7 39. Rxe8 Bxe8 40. Qg8
Bc6 41. Qc8+ Kb6 42. Qd8+ Ka7 43. Qc7+ Bb7 44. f3 Qa2+ 45. Kg1 Qb1+ 0-1

[Event "20th HZ Open 2016"]
[Site "Vlissingen NED"]
[Date "2016.08.10"]
[Round "6.45"]
[White "De Zwart, Johan"]
[Black "Balje, Jan"]
[Result "1/2-1/2"]
[WhiteElo "2005"]
[BlackElo "2219"]
[WhiteFideId "1024930"]
[BlackFideId "1004085"]
[EventDate "2016.08.06"]

1. e4 c5 2. c3 Nf6 3. e5 Nd5 4. d4 cxd4 5. Nf3 e6 6. cxd4 d6 7. Bc4 Nc6 8. exd6
Bxd6 9. O-O O-O 10. Nc3 Nce7 11. Re1 Bd7 12. Ne4 Bb4 13. Bd2 Bxd2 14. Qxd2 Bc6
15. a3 Qc7 16. Rac1 Qf4 17. Qe2 Ng6 18. b4 a6 19. Ned2 Qg4 20. h3 Qh5 21. Ne5
Qxe2 22. Bxe2 Nxe5 23. dxe5 Nf4 24. Bf1 Rfd8 25. Nc4 Nd3 26. Bxd3 Rxd3 27. Re3
Rad8 28. Rxd3 Rxd3 29. Na5 Rxa3 30. Nxc6 bxc6 31. Rxc6 g5 32. g3 Kg7 33. Kg2 Kg6
34. g4 h5 35. Rb6 h4 36. Rc6 Kg7 37. Rb6 Ra4 38. Rb7 a5 39. b5 Rb4 40. b6 Re4
41. Ra7 Rxe5 42. b7 Rb5 43. Rxa5 Rxb7 44. Rxg5+ 1/2-1/2

[Event "20th HZ Open 2016"]
[Site "Vlissingen NED"]
[Date "2016.08.10"]
[Round "6.46"]
[White "Wagenvoorde, Guido"]
[Black "Brouwer, Dennis"]
[Result "0-1"]
[WhiteElo "1998"]
[BlackElo "2217"]
[WhiteFideId "1051083"]
[BlackFideId "1018060"]
[EventDate "2016.08.06"]

1. e4 e5 2. Nf3 Nc6 3. Bb5 a6 4. Bxc6 dxc6 5. O-O f6 6. d4 Bg4 7. dxe5 Qxd1 8.
Rxd1 fxe5 9. Rd3 Bd6 10. Nbd2 Nf6 11. b3 O-O 12. Bb2 Rae8 13. Re1 Nd7 14. Nc4
Nc5 15. Rde3 Bxf3 16. Rxf3 Rxf3 17. gxf3 b6 18. Rd1 Re6 19. Ba3 Nb7 20. Bxd6
Nxd6 21. Ne3 Kf7 22. Kf1 g6 23. c4 Nb7 24. Ke2 Rd6 25. Rg1 Nc5 26. Ng2 Kf6 27.
h4 a5 28. Rc1 Rd4 29. Rc3 Ne6 30. Ke3 Nc5 31. Ke2 h6 32. Ne3 h5 33. Nc2 Rd6 34.
Ke3 Ne6 35. Ne1 Nf4 36. Rc2 Rd1 37. c5 Rxe1+ 38. Kd2 Re2+ 0-1

[Event "20th HZ Open 2016"]
[Site "Vlissingen NED"]
[Date "2016.08.10"]
[Round "6.47"]
[White "In t Veld, Daan"]
[Black "Ackermann, Frank"]
[Result "1-0"]
[WhiteElo "2212"]
[BlackElo "2018"]
[WhiteFideId "1016270"]
[BlackFideId "4685121"]
[EventDate "2016.08.06"]

1. e4 c5 2. c3 d5 3. exd5 Qxd5 4. d4 Nc6 5. Nf3 Bg4 6. Be2 cxd4 7. cxd4 e6 8.
Nc3 Qa5 9. d5 exd5 10. Nd4 Bd7 11. O-O Nf6 12. Re1 Be7 13. Bf1 Kf8 14. Nb3 Qd8
15. Bf4 Be6 16. Nb5 Rc8 17. h3 Qd7 18. Rc1 a6 19. N5d4 Nd8 20. Qd3 Rxc1 21. Rxc1
Bd6 22. Nc5 Qe7 23. Bxd6 Qxd6 24. Qb3 Qe7 25. Qb6 Nd7 26. Ndxe6+ fxe6 27. Nxd7+
Qxd7 28. Rc7 1-0

[Event "20th HZ Open 2016"]
[Site "Vlissingen NED"]
[Date "2016.08.10"]
[Round "6.48"]
[White "Van den Berg, Bram"]
[Black "Janse, Alexander"]
[Result "1-0"]
[WhiteElo "2205"]
[BlackElo "2017"]
[WhiteFideId "1008684"]
[BlackFideId "36052175"]
[EventDate "2016.08.06"]

1. e4 c5 2. b4 cxb4 3. a3 Nc6 4. Nf3 d5 5. exd5 Qxd5 6. axb4 Nxb4 7. Be2 Nc6 8.
c4 Qd8 9. d4 e6 10. d5 exd5 11. cxd5 Nce7 12. O-O Qxd5 13. Qxd5 Nxd5 14. Bb5+
Bd7 15. Bxd7+ Kxd7 16. Rd1 Nf6 17. Nc3 Kc6 18. Nxd5 Nxd5 19. Ne5+ 1-0

[Event "20th HZ Open 2016"]
[Site "Vlissingen NED"]
[Date "2016.08.10"]
[Round "6.49"]
[White "Grochal, Joey"]
[Black "Berghuis, Marten"]
[Result "1-0"]
[WhiteElo "2196"]
[BlackElo "2007"]
[WhiteFideId "1019945"]
[BlackFideId "1040103"]
[EventDate "2016.08.06"]

1. d4 Nf6 2. c4 c5 3. d5 e6 4. Nc3 exd5 5. cxd5 d6 6. e4 g6 7. Bd3 Bg7 8. h3 O-O
9. Nf3 Bd7 10. a4 Na6 11. O-O Rb8 12. Bf4 Qb6 13. Rb1 Nh5 14. Bh2 Rfe8 15. g4
Nf6 16. Nd2 Bf8 17. Nc4 Qc7 18. Qf3 Kg7 19. Qg3 Rbd8 20. Rfe1 Nb4 21. Rbd1 Bxa4
22. Nxa4 b5 23. Nc3 bxc4 24. Bxc4 Nc2 25. Nb5 Qa5 26. Re2 a6 27. Nxd6 Bxd6 28.
e5 Bxe5 29. Rxe5 Rxe5 30. Qxe5 h6 31. Bf4 Nd4 32. Bxh6+ Kxh6 33. g5+ Kh7 34.
Qxf6 Rd7 35. d6 Qd8 36. Qxd8 Rxd8 37. Bxf7 Rxd6 38. Kg2 Rb6 39. Rc1 Rxb2 40.
Rxc5 Rb7 41. Bc4 Ra7 42. Ra5 Kg7 43. Rxa6 Rxa6 44. Bxa6 Ne6 45. h4 Nc5 46. Bc4
Ne4 47. Bd5 Nd6 48. Kg3 Nf5+ 49. Kg4 Ne7 50. Be6 Nc6 51. f4 Ne7 52. h5 Kh7 53.
hxg6+ Kxg6 54. f5+ Kh7 55. f6 Nc6 56. Bf5+ Kg8 57. g6 Nd8 58. Bc2 1-0

[Event "20th HZ Open 2016"]
[Site "Vlissingen NED"]
[Date "2016.08.11"]
[Round "7.13"]
[White "Brink, Barry"]
[Black "Rathnakaran, K."]
[Result "0-1"]
[WhiteTitle "FM"]
[BlackTitle "IM"]
[WhiteElo "2293"]
[BlackElo "2452"]
[WhiteFideId "1009451"]
[BlackFideId "5005507"]
[EventDate "2016.08.06"]

1. Nf3 Nf6 2. c4 c5 3. d4 cxd4 4. Nxd4 e5 5. Nb5 d5 6. cxd5 Bc5 7. N5c3 O-O 8.
g3 Ng4 9. e3 f5 10. Be2 Nd7 11. Bxg4 fxg4 12. Ne4 Bb4+ 13. Bd2 Bxd2+ 14. Qxd2
Nb6 15. Nbc3 Bf5 16. Rd1 Rc8 17. O-O Rc4 18. f3 gxf3 19. Nf2 Qe8 20. e4 Bd7 21.
b3 Rc8 22. a4 Rd8 23. Rc1 Nc8 24. Ncd1 Nd6 25. Nb2 Qh5 26. Nc4 Nf7 27. Na5 Bc8
28. Rc7 Rd6 29. Rfc1 Rh6 30. Nh1 Nd6 31. Rxc8 Nxc8 32. h4 Nd6 33. Nf2 Rg6 34.
Kh2 Rf4 35. Nh3 Rxg3 0-1

[Event "20th HZ Open 2016"]
[Site "Vlissingen NED"]
[Date "2016.08.11"]
[Round "7.16"]
[White "Michalczak, Thomas"]
[Black "Kevlishvili, Robby"]
[Result "1/2-1/2"]
[WhiteTitle "FM"]
[BlackTitle "FM"]
[WhiteElo "2234"]
[BlackElo "2409"]
[WhiteFideId "4622634"]
[BlackFideId "1040634"]
[EventDate "2016.08.06"]

1. e4 c5 2. c3 d5 3. exd5 Qxd5 4. Nf3 g6 5. Na3 Bg7 6. Bc4 Qd8 7. d4 cxd4 8. Qb3
e6 9. Bf4 Ne7 10. O-O-O Nbc6 11. Nxd4 Nxd4 12. cxd4 O-O 13. Be5 Bh6+ 14. Kb1 Nc6
15. Qh3 Bg7 16. Bxg7 Kxg7 17. Qc3 Qf6 18. Rd3 e5 19. dxe5 Nxe5 20. Re3 Bf5+ 21.
Ka1 Nxc4 22. Qxf6+ Kxf6 23. Nxc4 Rfd8 24. Rf3 Kg7 25. Re1 Rac8 26. b3 Be6 27.
Rf4 b5 28. Na3 a6 29. h4 Rc5 30. g3 a5 31. b4 axb4 32. Rxb4 Rd3 33. Nxb5 Rd2 34.
Nd4 Rxa2+ 35. Kb1 Bd5 36. Re2 Ra6 37. Rb5 Rxb5+ 38. Nxb5 Bc4 39. Rb2 Rc6 40. Nd4
Bd3+ 41. Ka2 Rc4 42. Nf3 Bc2 43. Ka1 Rc3 44. Nd4 Be4 45. Re2 Bd5 46. Kb2 Rc4 47.
Nc2 Be6 48. Ne3 Rc5 49. Rc2 Rb5+ 50. Kc3 Kf6 51. Kd3 Ke5 52. f4+ Kf6 53. Rc3 Rb2
54. Ke4 Rf2 55. Rc6 Ke7 56. Rc3 h5 57. Ke5 f6+ 58. Ke4 Kd6 59. Rd3+ Kc5 60. Rc3+
Kb5 61. Nd5 Re2+ 62. Kd3 Re1 63. Nxf6 Bf5+ 64. Kd4 Rd1+ 65. Ke3 Rd6 66. Nh7 Kb4
67. Rc7 Rd3+ 68. Kf2 Rd2+ 69. Ke3 Rd3+ 70. Kf2 Rd2+ 71. Ke3 1/2-1/2

[Event "20th HZ Open 2016"]
[Site "Vlissingen NED"]
[Date "2016.08.11"]
[Round "7.17"]
[White "Bosboom, Manuel"]
[Black "Nguyen, Kevin"]
[Result "0-1"]
[WhiteTitle "IM"]
[WhiteElo "2400"]
[BlackElo "2169"]
[WhiteFideId "1000080"]
[BlackFideId "1046349"]
[EventDate "2016.08.06"]

1. Nf3 Nf6 2. c4 g6 3. b3 Bg7 4. Bb2 O-O 5. Qc2 c6 6. d3 Re8 7. Nbd2 d6 8. h3 e5
9. g4 Nbd7 10. g5 Nh5 11. e3 Nc5 12. Ne4 Na6 13. a3 Bf5 14. Rg1 d5 15. Ned2 e4
16. Bxg7 exd3 17. Bxd3 Bxd3 18. Qxd3 Nxg7 19. b4 Nc7 20. Nb3 dxc4 21. Qxc4 Nf5
22. Nc5 b5 23. Qb3 Ne6 24. Nxe6 Rxe6 25. Rd1 Qe7 26. Rd3 a5 27. bxa5 Rxa5 28.
Rg4 c5 29. Qd1 Rd6 30. Rf4 Rxd3 31. Qxd3 c4 32. Qe4 Qxe4 33. Rxe4 Rxa3 34. Re8+
Kg7 35. Ne5 c3 36. Rc8 b4 37. Ng4 Nd6 38. Rd8 c2 39. Kd2 Rc3 40. Kc1 Ne4 0-1

[Event "20th HZ Open 2016"]
[Site "Vlissingen NED"]
[Date "2016.08.11"]
[Round "7.18"]
[White "Kabos, Tobias"]
[Black "Admiraal, Miguoel"]
[Result "1/2-1/2"]
[WhiteTitle "FM"]
[BlackTitle "IM"]
[WhiteElo "2273"]
[BlackElo "2458"]
[WhiteFideId "1010182"]
[BlackFideId "1019716"]
[EventDate "2016.08.06"]

1. e4 Nf6 2. e5 Ng8 3. d4 d6 4. Nf3 dxe5 5. Nxe5 Nd7 6. Nxd7 Bxd7 7. Be2 Bc6 8.
Bf3 Bxf3 9. Qxf3 c6 10. O-O Nf6 11. c3 e6 12. Re1 Qd5 13. Nd2 Bd6 14. Ne4 Nxe4
15. Qxe4 Qxe4 16. Rxe4 O-O-O 17. Re1 Rhe8 18. Be3 f5 19. Rad1 h6 20. g3 g5 21.
Kg2 Rg8 22. Bc1 Kd7 23. Rh1 Be7 24. h3 Bf6 25. Rde1 Ke7 26. Re2 Kf7 27. Rhe1
Rge8 28. Kf3 b5 29. a3 a5 30. h4 b4 31. axb4 axb4 32. Be3 b3 33. Ra1 Ra8 34.
Ree1 Kg6 35. hxg5 hxg5 36. Ke2 e5 37. dxe5 Bxe5 38. Kd3 Ra2 39. Rxa2 bxa2 40.
Ra1 Ra8 41. Kc4 Kh5 42. Kb3 f4 43. gxf4 gxf4 44. Bc5 Ra5 45. Bb4 Rd5 46. Rxa2
Kg4 47. Kc4 Rd2 48. Bc5 Kf3 49. Ra6 Rxb2 50. Rxc6 Rc2 51. Kd5 Bxc3 52. Bd4 Bxd4
53. Rxc2 Bxf2 54. Rc4 Be3 55. Rxf4+ Kxf4 1/2-1/2

[Event "20th HZ Open 2016"]
[Site "Vlissingen NED"]
[Date "2016.08.11"]
[Round "7.19"]
[White "Muehlenhaus, Sven"]
[Black "Venkatesh, M.R."]
[Result "0-1"]
[WhiteTitle "FM"]
[BlackTitle "GM"]
[WhiteElo "2262"]
[BlackElo "2450"]
[WhiteFideId "4671546"]
[BlackFideId "5005779"]
[EventDate "2016.08.06"]

1. d4 Nf6 2. Nf3 g6 3. c4 Bg7 4. Nc3 O-O 5. e4 d6 6. Be2 Bg4 7. Be3 Nfd7 8. Ng1
Bxe2 9. Ngxe2 a6 10. O-O c5 11. Qd2 Nc6 12. Rfd1 cxd4 13. Nxd4 Nce5 14. b3 Ng4
15. Bg5 h6 16. Bh4 Bxd4 17. Qxd4 e5 18. Bxd8 exd4 19. Be7 dxc3 20. Bxf8 Kxf8 21.
f3 Nge5 22. Rxd6 Ke7 23. Rd5 Nc6 24. Rd3 c2 25. Rd2 Nb4 26. a3 Nc5 0-1

[Event "20th HZ Open 2016"]
[Site "Vlissingen NED"]
[Date "2016.08.11"]
[Round "7.20"]
[White "Reinhardt, Bernd"]
[Black "Beerdsen, Thomas"]
[Result "1/2-1/2"]
[BlackTitle "FM"]
[WhiteElo "2246"]
[BlackElo "2424"]
[WhiteFideId "4606043"]
[BlackFideId "1030108"]
[EventDate "2016.08.06"]

1. Nf3 Nf6 2. d4 e6 3. Bf4 c5 4. e3 Qb6 5. Qc1 Nh5 6. Bg3 Nxg3 7. hxg3 d5 8. c4
cxd4 9. Nxd4 Nc6 10. cxd5 Bb4+ 11. Nc3 Nxd4 12. exd4 O-O 13. Bd3 h6 14. Rxh6 Re8
15. Kf1 Qxd4 16. Bh7+ Kf8 17. Rh4 Qb6 18. Be4 f6 19. Bg6 Rd8 20. Rh8+ Ke7 21.
Rh7 Kf8 22. Rh8+ Ke7 23. Rh7 Kf8 24. Rh8+ 1/2-1/2

[Event "20th HZ Open 2016"]
[Site "Vlissingen NED"]
[Date "2016.08.11"]
[Round "7.21"]
[White "Sukandar, Irine Kharisma"]
[Black "Lacrosse, Marc"]
[Result "1-0"]
[WhiteTitle "IM"]
[BlackTitle "FM"]
[WhiteElo "2418"]
[BlackElo "2225"]
[WhiteFideId "7101937"]
[BlackFideId "200921"]
[EventDate "2016.08.06"]

1. e4 e5 2. Nf3 Nc6 3. d4 exd4 4. Nxd4 Bc5 5. Nb3 Bb6 6. Nc3 Nf6 7. Qe2 d6 8.
Be3 O-O 9. O-O-O Re8 10. f3 Be6 11. g4 Qe7 12. Kb1 Rad8 13. g5 Nd7 14. f4 f5 15.
Bh3 Qf7 16. Rhg1 g6 17. Rg3 fxe4 18. Bxe6 Rxe6 19. Nd5 Ne7 20. Nxb6 Nxb6 21.
Bxb6 axb6 22. Nd4 Nf5 23. Nxe6 Qxe6 24. Ra3 d5 25. Re1 Re8 26. Qg4 d4 27. h4 c5
28. h5 Ng7 29. Qxe6+ Rxe6 30. Ra8+ Kf7 31. h6 Ne8 32. Rd8 e3 33. Kc1 Rd6 34. Rb8
Rd7 35. Kd1 Nd6 36. Ke2 Ke6 37. Kf3 Kd5 38. Rg8 Nf5 39. Rh1 Kc6 40. Rxg6+ hxg6
41. h7 Rxh7 42. Rxh7 c4 43. Rf7 1-0

[Event "20th HZ Open 2016"]
[Site "Vlissingen NED"]
[Date "2016.08.11"]
[Round "7.22"]
[White "Perske, Thore"]
[Black "In t Veld, Daan"]
[Result "1-0"]
[WhiteTitle "FM"]
[WhiteElo "2377"]
[BlackElo "2212"]
[WhiteFideId "12902195"]
[BlackFideId "1016270"]
[EventDate "2016.08.06"]

1. e4 Nf6 2. e5 Ng8 3. d4 d6 4. exd6 cxd6 5. c4 Nf6 6. Nc3 e6 7. Nf3 Be7 8. g3
O-O 9. Bg2 Qc7 10. b3 d5 11. O-O dxc4 12. Nb5 Qc6 13. bxc4 Qxc4 14. a4 Nbd7 15.
Bf4 a6 16. Rc1 Qa2 17. Nc7 Ra7 18. Ne5 Qb2 19. Nc4 Qa2 20. Qd3 b5 21. axb5 axb5
22. Nxb5 Ra4 23. Rc2 Nd5 24. Rxa2 Rxa2 25. Qb3 Ra8 26. Nc7 Rb8 27. Qc2 Nxf4 28.
gxf4 Nf6 29. Rb1 Bb4 30. Ne5 Bd7 31. Nxd7 Nxd7 32. Na6 Rbc8 33. Qa4 1-0

[Event "20th HZ Open 2016"]
[Site "Vlissingen NED"]
[Date "2016.08.11"]
[Round "7.23"]
[White "Warmerdam, Max"]
[Black "Van den Berg, Bram"]
[Result "1-0"]
[WhiteTitle "FM"]
[WhiteElo "2372"]
[BlackElo "2205"]
[WhiteFideId "1048104"]
[BlackFideId "1008684"]
[EventDate "2016.08.06"]

1. e4 d5 2. exd5 Nf6 3. Bb5+ Nbd7 4. d4 Nxd5 5. Nf3 e6 6. O-O Be7 7. Nbd2 O-O 8.
Ne4 N5f6 9. Nxf6+ Bxf6 10. c3 c6 11. Bd3 g6 12. Bf4 Re8 13. Bc2 b6 14. Qe2 Bb7
15. Rad1 Qe7 16. Rfe1 Rad8 17. Ba4 a6 18. Qe4 b5 19. Bb3 Ba8 20. Bc7 Rc8 21. Qf4
Bg7 22. Qg3 Bb7 23. Bd6 Qf6 24. Ne5 Qd8 25. Qe3 Bf8 26. Bxf8 Rxf8 27. Nxf7 Kxf7
28. Qxe6+ Kg7 29. Qd6 Re8 30. Rxe8 Qxe8 31. Be6 Rd8 32. Qc7 Bc8 33. Re1 Kh8 34.
Re3 Qf8 35. Rf3 Nf6 36. Bxc8 1-0

[Event "20th HZ Open 2016"]
[Site "Vlissingen NED"]
[Date "2016.08.11"]
[Round "7.24"]
[White "Stillger, Bernhard"]
[Black "Maris, Ivo"]
[Result "1/2-1/2"]
[WhiteTitle "FM"]
[BlackTitle "FM"]
[WhiteElo "2235"]
[BlackElo "2370"]
[WhiteFideId "4610768"]
[BlackFideId "1028146"]
[EventDate "2016.08.06"]

1. d4 Nf6 2. c4 g6 3. Nc3 Bg7 4. e4 d6 5. Nf3 O-O 6. Be2 e5 7. O-O Nc6 8. dxe5
dxe5 9. Bg5 Nd4 10. Nxd4 exd4 11. Nd5 Re8 12. Bd3 c6 13. Nxf6+ Bxf6 14. Bxf6
Qxf6 15. f4 Qd6 16. Qc2 Qc5 17. Qd2 a5 18. f5 Qe5 19. Rf3 Qg7 20. Raf1 c5 21. e5
Rxe5 22. fxg6 hxg6 23. Rxf7 Qxf7 24. Rxf7 Kxf7 25. Qf4+ Ke6 26. Qf8 Kd7 27. Bxg6
Kc7 28. Qg7+ Kd6 29. Qf8+ Kc7 30. Qg7+ Kd6 31. Qf8+ Kc7 32. Qg7+ 1/2-1/2

[Event "20th HZ Open 2016"]
[Site "Vlissingen NED"]
[Date "2016.08.11"]
[Round "7.25"]
[White "Brouwer, Dennis"]
[Black "Freeke, Matthieu"]
[Result "1/2-1/2"]
[BlackTitle "FM"]
[WhiteElo "2217"]
[BlackElo "2354"]
[WhiteFideId "1018060"]
[BlackFideId "1013459"]
[EventDate "2016.08.06"]

1. e4 e5 2. Nf3 Nc6 3. Bb5 a6 4. Ba4 Nf6 5. O-O Be7 6. Re1 b5 7. Bb3 d6 8. c3
O-O 9. h3 Na5 10. Bc2 c5 11. d4 Nd7 12. Kh1 Qc7 13. d5 Nb6 14. Nbd2 f5 15. exf5
Bxf5 16. Ne4 Nb7 17. b3 h6 18. Be3 Bd8 19. Qd2 Qe7 20. Rad1 Rc8 21. Nh2 g5 22.
Ng4 Qh7 23. f3 Rc7 24. Bb1 Rg7 25. Nh2 Nd7 26. Qe2 Nf6 27. Bc1 Nh5 28. g4 Bxe4
29. Bxe4 Ng3+ 30. Kg2 Nxe2 31. Bxh7+ Kxh7 32. Rxe2 Ba5 33. Bd2 Rgf7 34. Re4 Rf6
35. Ra1 Ra8 36. Nf1 Bb6 37. Ng3 c4 38. b4 a5 39. a3 axb4 40. cxb4 Bd4 41. Ra2
Nc5 42. bxc5 dxc5 43. Bc1 b4 44. Rc2 c3 45. Ne2 Rc8 46. axb4 cxb4 47. Nxd4 exd4
48. Rxd4 b3 49. Re2 Rb6 50. d6 b2 51. Re7+ Kg6 52. Bxb2 cxb2 53. Rde4 Rxd6 54.
R4e6+ Rxe6 55. Rxe6+ Kf7 56. Rb6 Rc2+ 57. Kg3 Kg7 1/2-1/2

[Event "20th HZ Open 2016"]
[Site "Vlissingen NED"]
[Date "2016.08.11"]
[Round "7.26"]
[White "De Jong, Migchiel"]
[Black "Grochal, Joey"]
[Result "0-1"]
[WhiteTitle "IM"]
[WhiteElo "2342"]
[BlackElo "2196"]
[WhiteFideId "1002848"]
[BlackFideId "1019945"]
[EventDate "2016.08.06"]

1. d4 Nf6 2. Nf3 e6 3. g3 b6 4. Bg2 Bb7 5. O-O Be7 6. c4 O-O 7. Re1 Na6 8. Nc3
Ne4 9. Bd2 f5 10. Ne5 d6 11. Nd3 Bg5 12. Bxg5 Qxg5 13. Nf4 Qf6 14. h4 Nxc3 15.
bxc3 Bxg2 16. Kxg2 e5 17. Nd5 Qf7 18. Qa4 Nb8 19. e3 c6 20. Nxb6 axb6 21. Qxa8
f4 22. exf4 exf4 23. Rf1 f3+ 24. Kh2 g5 25. Rae1 gxh4 26. Re4 hxg3+ 27. fxg3 Qg6
28. Re7 Qc2+ 29. Kh3 Qg2+ 30. Kg4 h5+ 0-1

[Event "20th HZ Open 2016"]
[Site "Vlissingen NED"]
[Date "2016.08.11"]
[Round "7.27"]
[White "Sekandar, Kambiz"]
[Black "Peek, Marcel"]
[Result "1-0"]
[BlackTitle "IM"]
[WhiteElo "2129"]
[BlackElo "2325"]
[WhiteFideId "11700939"]
[BlackFideId "1000462"]
[EventDate "2016.08.06"]

1. e4 c5 2. c3 d5 3. exd5 Qxd5 4. d4 Nc6 5. Nf3 Bf5 6. Be3 cxd4 7. Nxd4 e6 8.
Nxf5 Qxf5 9. Bd3 Qd5 10. O-O O-O-O 11. Be2 Qe5 12. Qa4 Bc5 13. Bxc5 Qxc5 14. b4
Qb6 15. Na3 Kb8 16. Rab1 Qc7 17. Rfc1 Nf6 18. b5 Qa5 19. Qf4+ e5 20. Qf5 Qxa3
21. bxc6 b6 22. Qxe5+ Qd6 23. Qb5 Ne4 24. c4 Nc5 25. a4 Kc7 26. Bf3 Rb8 27. Rd1
Qf6 28. a5 Rhd8 29. axb6+ axb6 30. Rxd8 Kxd8 31. h3 Qf4 32. Re1 Qc7 33. Qb2 Ne6
34. Bd5 Qe7 35. Qe5 Rc8 36. Qe4 Qf6 37. Qxh7 Kc7 38. Qe4 Nc5 39. Qe3 Qd6 40. Ra1
Kd8 41. Ra7 Rc7 42. Ra8+ Rc8 43. Rxc8+ Kxc8 44. Qe8+ Qd8 45. Qxf7 1-0

[Event "20th HZ Open 2016"]
[Site "Vlissingen NED"]
[Date "2016.08.11"]
[Round "7.28"]
[White "Bezemer, Arno"]
[Black "Kalisvaart, Peter"]
[Result "1-0"]
[WhiteTitle "FM"]
[WhiteElo "2315"]
[BlackElo "2059"]
[WhiteFideId "1001396"]
[BlackFideId "1008820"]
[EventDate "2016.08.06"]

1. e4 e5 2. Nf3 Nc6 3. Bb5 Nd4 4. Nxd4 exd4 5. O-O c6 6. Bc4 Nf6 7. Re1 Bc5 8.
d3 d6 9. e5 dxe5 10. Rxe5+ Be7 11. Qe2 Kf8 12. Bg5 h6 13. Bh4 g5 14. Bg3 Bd6 15.
Nd2 Bxe5 16. Bxe5 Rh7 17. Re1 Bd7 18. Qf3 Ne8 19. Qe4 f5 20. Qxd4 1-0

[Event "20th HZ Open 2016"]
[Site "Vlissingen NED"]
[Date "2016.08.11"]
[Round "7.29"]
[White "Jiang, Zhaoyi"]
[Black "Hamblok, Roel"]
[Result "0-1"]
[WhiteTitle "WCM"]
[BlackTitle "FM"]
[WhiteElo "1831"]
[BlackElo "2308"]
[WhiteFideId "8611050"]
[BlackFideId "209317"]
[EventDate "2016.08.06"]

1. Nf3 f5 2. g3 Nf6 3. Bg2 d6 4. d4 e6 5. c4 Be7 6. b3 O-O 7. O-O Ne4 8. e3 Bf6
9. Bb2 Nc6 10. Nfd2 Nxd2 11. Qxd2 Ne7 12. Nc3 c6 13. e4 g5 14. Rad1 Ng6 15. d5
exd5 16. exf5 Bxf5 17. cxd5 c5 18. Ne4 Bxb2 19. Qxb2 g4 20. f4 gxf3 21. Bxf3 Ne5
22. Bg2 Bxe4 23. Bxe4 Qg5 24. Qe2 Kg7 25. Rde1 Rae8 26. Rxf8 Rxf8 27. Bg2 Rf7
28. Rf1 Rxf1+ 29. Bxf1 Qf5 30. Kg2 Ng6 31. Qb2+ Kf7 32. Kg1 Qf6 33. Qd2 Ne5 34.
Bg2 b6 35. Qd1 Qg5 36. Qf1+ Kg7 37. Qe1 Ng4 38. Kh1 Qe3 39. Qxe3 Nxe3 40. Be4 h6
41. Kg1 Kf6 42. Kf2 Nd1+ 43. Kf3 Nc3 44. a4 Ke5 45. Bc2 Nxd5 46. g4 Nb4 47. Bg6
Nc6 48. Ke3 Nd4 49. Kd3 Nxb3 50. Kc4 Nd4 0-1

[Event "20th HZ Open 2016"]
[Site "Vlissingen NED"]
[Date "2016.08.11"]
[Round "7.30"]
[White "Liu, Manli"]
[Black "Amdouni, Zoubaier"]
[Result "1-0"]
[BlackTitle "FM"]
[WhiteElo "2062"]
[BlackElo "2306"]
[WhiteFideId "8608121"]
[BlackFideId "5500419"]
[EventDate "2016.08.06"]

1. e4 e5 2. Nf3 Nc6 3. Bb5 a6 4. Ba4 Nf6 5. d3 d6 6. c3 Be7 7. Nbd2 O-O 8. Nf1
b5 9. Bb3 Na5 10. Bc2 c5 11. Ng3 Re8 12. O-O Bf8 13. h3 g6 14. Nh2 Bg7 15. f4
exf4 16. Bxf4 Qb6 17. Qf3 Be6 18. Bg5 Nd7 19. Nf5 Ne5 20. Qg3 Bxf5 21. exf5 f6
22. Be3 g5 23. Bxg5 fxg5 24. f6 Bh6 25. Ng4 Bf8 26. f7+ Nxf7 27. Nf6+ Kg7 28. d4
Be7 29. Qf3 Nh8 30. Qh5 h6 31. Nxe8+ Rxe8 32. Qxe8 Qd8 33. Qxd8 Bxd8 34. dxc5
dxc5 35. Rad1 Bf6 36. Rd6 1-0